Estudios sobre el sistema de partidos en Chile
Saved in:
| Main Authors: | , |
|---|---|
| Andre forfattere: | |
| Format: | Bog |
| Sprog: | spansk |
| Udgivet: |
Santiago
FLACSO-Ainavillo
1985
|
| Serier: | Serie libros FLACSO-Chile, 13
|
| Fag: | |
| Tags: |
Tilføj Tag
Ingen Tags, Vær først til at tagge denne postø!
|
MARC
| LEADER | 00000nam a2200000 a 4500 | ||
|---|---|---|---|
| 001 | UCW9460 | ||
| 003 | CL-VaPUC | ||
| 008 | 890424e19850000CL |||||||||||||||||spa|d | ||
| 082 | 0 | 4 | |a 324.283 |b ALD |2 21 |
| 100 | 0 | |a Aldunate Bobadilla, Adolfo |e author |9 314750 | |
| 700 | 0 | |a Flisfisch Fernández, Angel |e author |9 314751 | |
| 700 | |a Moulian Emparanza, Tomás |e autor |9 563337 | ||
| 245 | 1 | 0 | |a Estudios sobre el sistema de partidos en Chile |
| 300 | |a 231 p | ||
| 942 | |c BK | ||
| 945 | |d 19890424 00:00:00 | ||
| 260 | |a Santiago |b FLACSO-Ainavillo |c 1985 | ||
| 500 | |a Este volumen forma parte del programa de investigaciones sobre La Reorganización Democrática de la Política en Chile. Preliminares | ||
| 650 | 0 | |a Partidos políticos |9 254999 | |
| 651 | 7 | |a CHILE |2 CL-VaPUC |9 314753 | |
| 583 | |a last modification |c 20190719 10:05:04 |k Rodrigo Vera | ||
| 490 | 0 | |a Serie libros FLACSO-Chile, 13 | |
| 999 | |c 221436 |d 221434 | ||
| 952 | |0 0 |1 0 |4 0 |6 324_283000000000000_ALD_1985 |7 0 |8 A |9 214772 |a BIBENE |b BIBENE |d 2019-11-15 |i 2833131 |o 324.283 ALD 1985 |p 2833131 |r 2025-01-15 |w 2019-11-15 |y BK |k ICO | ||